Formas de ciudades - Estadísticas

Estadísticas generales
  • Esta prueba ha sido intentada 14 veces
  • La puntuación promedio es 6 de 8
Estadísticas de respuestas
Imagen Respuesta % Correcto
Londres
100%
París
100%
Berlín
79%
Nueva York
79%
Tokio
64%
Barcelona
57%
Pekín
36%
Río de Janeiro
36%
No se encontraron pruebas coincidentes
Distribución de puntuación
Porcentaje de gente con cada puntuación
Porcentaje por número respondido
Historial de tus puntuaciones
No has intentado esta prueba.